Which Country...? #2 - Statistics

General Stats
  • This quiz has been taken 23 times
  • The average score is 6 of 10
Answer Stats
Question Answer % Correct
Was part of the USSR? Lithuania
100%
Has a megacity as a capital city? Thailand
96%
Has an average elevation of over 2000m? Lesotho
91%
Has territories in the Pacific? Ecuador
78%
Is the largest uranium producer? Kazakhstan
74%
Which country can you only get into from Singapore, India or Thailand? Bhutan
52%
Does NOT recognise Palestine? United Kingdom
48%
Has a population UNDER 50,000? Liechtenstein
39%
Has the death penalty? Botswana
35%
Has NOT been visited by Queen Elizabeth II Peru
26%
No matching quizzes found
Score Distribution
Percent of People with Each Score
Percentile by Number Answered
Your Score History
You have not taken this quiz